[Event "Barcelona Sant Marti op-B 21st"]
[Site "Barcelona"]
[Date "2019.07.19"]
[Round "7"]
[White "Garcia Alcober, Virgilio"]
[Black "Moyano Barrero, Antonio"]
[Result "0-1"]
[WhiteElo "1656"]
[BlackElo "1758"]
[PlyCount "156"]
[EventDate "2019.07.13"]
[EventType "swiss"]
[EventRounds "9"]
[EventCountry "ESP"]
[SourceTitle "EXT 2020"]
[Source "ChessBase"]
[SourceDate "2019.10.17"]
[SourceVersion "1"]
[SourceVersionDate "2019.10.17"]
[SourceQuality "1"]

1. f4 Nf6 2. Nf3 d5 3. d3 Bg4 4. e3 e6 5. Be2 h5 6. c3 c5 7. Nbd2 Nbd7 8. e4 Nb6 9. e5 Nfd7 10. Ng5 Nxe5 11. Ndf3 Nxf3+ 12. Bxf3 Bxf3 13. Qxf3 Be7 14. Nh3 Nd7 15. 0-0 Nf6 16. Bd2 0-0 17. Rfe1 g6 18. Ng5 Qb6 19. b3 Ng4 20. h3 c4+ 21. d4 Nf6 22. b4 a5 23. a3 axb4 24. axb4 Ra6 25. Kh1 Rfa8 26. Qf1 Ra2 27. Rxa2 Rxa2 28. Rd1 Qa6 29. Qe1 Kg7 30. Rb1 Qa4 31. Rc1 Qa3 32. Rb1 Rc2 33. Ra1 Ra2 34. Rxa2 Qxa2 35. Qc1 Nd7 36. Nf3 Nf6 37. Ng5 Nd7 38. Qe1 Bxg5 39. fxg5 Qa6 40. Bf4 Qa3 41. Bd6 Qa8 42. Be7 Qe8 43. Bd6 f6 44. Qe3 fxg5 45. Qxg5 Qf7 46. Bf4 Qf6 47. Qh6+ Kf7 48. g3 e5 49. dxe5 Nxe5 50. Qh7+ Ke6 51. Qg8+ Qf7 52. Qb8 Nd3 53. Qd6+ Kf5 54. Kg2 Nxf4+ 55. Qxf4+ Ke6 56. Qe3+ Kf6 57. Qd4+ Ke7 58. Qc5+ Kd7 59. Qb5+ Kc8 60. Qc5+ Kd8 61. Qd6+ Kc8 62. b5 g5 63. b6 g4 64. hxg4 hxg4 65. Qc5+ Kd8 66. Qe3 Kd7 67. Qd4 Qf3+ 68. Kh2 Qe2+ 69. Kh1 Qe4+ 70. Qxe4 dxe4 71. Kg1 Kc6 72. Kf2 Kxb6 73. Ke3 Kc5 74. Kxe4 b5 75. Ke3 b4 76. cxb4+ Kxb4 77. Kd2 Kb3 78. Kc1 Kc3 0-1

[Event "Barcelona Sant Marti op-B 21st"]
[Site "Barcelona"]
[Date "2019.07.17"]
[Round "5"]
[White "Garcia Alcober, Virgilio"]
[Black "Chen, Siyuan"]
[Result "1-0"]
[WhiteElo "1656"]
[BlackElo "1284"]
[PlyCount "73"]
[EventDate "2019.07.13"]
[EventType "swiss"]
[EventRounds "9"]
[EventCountry "ESP"]
[SourceTitle "EXT 2020"]
[Source "ChessBase"]
[SourceDate "2019.10.17"]
[SourceVersion "1"]
[SourceVersionDate "2019.10.17"]
[SourceQuality "1"]

1. e4 e5 2. Nf3 Nc6 3. Nc3 Nf6 4. Bc4 Bc5 5. h3 d6 6. a3 a5 7. d3 h6 8. Qe2 Nd4 9. Nxd4 Bxd4 10. Be3 Bxe3 11. Qxe3 0-0 12. g4 Nh7 13. f3 Be6 14. Ba2 Bxa2 15. Nxa2 Re8 16. h4 f6 17. Nc3 c6 18. Ne2 d5 19. Ng3 d4 20. Qd2 Rc8 21. Nf5 c5 22. c4 Nf8 23. Rg1 Ne6 24. Kf2 Kf7 25. Rab1 Nf4 26. Rg3 Rh8 27. h5 Rb8 28. Kg1 b6 29. Kh2 b5 30. Qc2 Qc7 31. cxb5 Rxb5 32. Qc4+ Ne6 33. Qxb5 Rb8 34. Qc4 Qc6 35. Rg2 Qb5 36. Qxb5 Rxb5 37. Nd6+ 1-0